Central Library OPAC University of Rajshahi

Creative teaching : (Record no. 49711)

MARC details
000 -LEADER
fixed length control field 00847nam a2200253 a 4500
001 - CONTROL NUMBER
control field 49711
003 - CONTROL NUMBER IDENTIFIER
rucl marc code BD-RjUL
005 - DATE AND TIME OF LATEST TRANSACTION
control field 20211209054722.0
008 - FIXED-LENGTH DATA ELEMENTS--GENERAL INFORMATION
fixed length control field 160822r19561938-us 000 0 eng |
035 ## - SYSTEM CONTROL NUMBER
System control number (BD-RjUL)49831
040 ## - CATALOGING SOURCE
Original cataloging agency DZM
Transcribing agency DZM
Modifying agency OCL
-- EQO
-- BD-RjUL
Language of cataloging eng
041 ## - LANGUAGE CODE
Language code of text/sound track or separate title eng
082 ## - DEWEY DECIMAL CLASSIFICATION NUMBER
Classification number 371.426
Edition number 23
Author mark and year STC 1956
100 1# - MAIN ENTRY--PERSONAL NAME
Personal name Struck, F. Theodore.
9 (RLIN) 149038
245 10 - TITLE STATEMENT
Title Creative teaching :
Remainder of title industrial arts and vocational education /
Statement of responsibility, etc. by F. Theodore Struck
260 ## - PUBLICATION, DISTRIBUTION, ETC. (IMPRINT)
Place of publication, distribution, etc. New York :
Name of publisher, distributor, etc. J. Wiley & sons, inc. ;
-- Chapman & Hall, limited,
Date of publication, distribution, etc. 1938[printing 1965]
300 ## - PHYSICAL DESCRIPTION
Pagination xxv, 623 p. :
Illustrations ill. ;
Size 24 cm.
500 ## - GENERAL NOTE
General note Includes Index
650 #0 - SUBJECT ADDED ENTRY--TOPICAL TERM
Topical term or geographic name as entry element Industrial arts
General subdivision Study and teaching.
9 (RLIN) 149039
Topical term or geographic name as entry element Technical education.
9 (RLIN) 145927
Topical term or geographic name as entry element Vocational education.
9 (RLIN) 149040
Topical term or geographic name as entry element Teaching.
9 (RLIN) 149041
942 ## - ADDED ENTRY ELEMENTS (KOHA)
Source of classification or shelving scheme Dewey Decimal Classification
Koha item type Books
Holdings
Lost status Source of classification or shelving scheme Damaged status Not for loan Collection code Permanent Location Current Location Shelving location Date acquired Source of acquisition Cost, normal purchase price Total Checkouts Full call number Date last seen Copy number Koha item type
  Dewey Decimal Classification     Non-fiction Central Library, University of Rajshahi Central Library, University of Rajshahi   05/08/1959 John Willims 6.75   371.426 STC 1956 22/08/2016 C-2 Books